[Event "Bad Woerishofen op"]
[Site "?"]
[Date "2003.??.??"]
[Round "3"]
[White "Steffl, Herbert"]
[Black "Haeuser, Marco"]
[Result "1-0"]
[WhiteElo "1639"]
[BlackElo "1398"]
[Annotator "ChessOrg"]
[PlyCount "121"]

1. Nf3 Nf6 2. d4 e6 3. e3 b6 4. Bd3 Ba6 5. c4 Be7 6. a3 c5 7. O-O O-O 8. b3
cxd4 9. exd4 d5 10. Nbd2 Nbd7 11. Bb2 Bb7 12. Ne5 Rc8 13. Ndf3 Nh5 14. Nxd7
Qxd7 15. Ne5 Qd6 16. Qxh5 g6 17. Qe2 dxc4 18. Bxc4 b5 19. Bd3 Qd5 20. Qf3 Qxf3
21. Nxf3 Bxf3 22. gxf3 Bf6 23. Rac1 a6 24. Rxc8 Rxc8 25. Rd1 Bg7 26. Kg2 f5 27.
f4 h5 28. Kf3 Kh7 29. Ke3 Kh6 30. Rc1 Rxc1 31. Bxc1 h4 32. a4 bxa4 33. bxa4 g5
34. fxg5+ Kxg5 35. h3 a5 36. Bd2 e5 37. dxe5 Bxe5 38. Kf3+ Kh5 39. Bxa5 Bd4 40.
Bxf5 Bb2 41. Bb6 Be5 42. a5 Bd6 43. a6 Bb8 44. a7 Bxa7 45. Bxa7 Kh6 46. Kg4 Kg7
47. f4 Kf6 48. Bd4+ Kf7 49. Kxh4 Ke7 50. Kg5 Kf7 51. h4 Ke7 52. h5 Kd6 53. h6
Kd5 54. h7 Kxd4 55. h8=Q+ Kd5 56. Qe5+ Kc4 57. Bd3+ Kxd3 58. f5 Kc4 59. f6 Kd3
60. f7 Kc4 61. f8=Q 1-0

[Event "Bad Woerishofen op"]
[Site "?"]
[Date "2003.??.??"]
[Round "3"]
[White "Bretscher, Robert"]
[Black "Kuhn, Hans"]
[Result "1-0"]
[WhiteElo "1635"]
[BlackElo "1311"]
[Annotator "ChessOrg"]
[PlyCount "87"]

1. e4 e5 2. Nf3 d6 3. h3 Nf6 4. Nc3 Be7 5. Bc4 h6 6. d3 O-O 7. Bb3 Nc6 8. Ne2
Bd7 9. Ng3 Qc8 10. Bd2 b6 11. Qe2 a5 12. a3 b5 13. O-O a4 14. Ba2 Nd8 15. Rfe1
Ne6 16. Nf5 Qd8 17. g4 Nf4 18. Bxf4 exf4 19. Qd2 Bxf5 20. exf5 d5 21. Qxf4 Bd6
22. Qd2 c6 23. Re2 Ra7 24. Rae1 Re7 25. Kg2 Rfe8 26. Nd4 Qd7 27. Rxe7 Bxe7 28.
Qc3 c5 29. Nf3 d4 30. Qd2 Bd6 31. Rxe8+ Qxe8 32. Qe1 Qxe1 33. Nxe1 Kf8 34. Kf3
Ke7 35. Ng2 Nd7 36. Ke4 Nf6+ 37. Kf3 Nd7 38. Nf4 Bxf4 39. Kxf4 f6 40. Ke4 Kd6
41. f4 Nf8 42. Bf7 Nd7 43. Be8 Kc6 44. Bxd7+ 1-0

[Event "Bad Woerishofen op"]
[Site "?"]
[Date "2003.??.??"]
[Round "3"]
[White "Hegel, Pius"]
[Black "Schaumann, Rudolf"]
[Result "0-1"]
[WhiteElo "1619"]
[BlackElo "1283"]
[Annotator "ChessOrg"]
[PlyCount "116"]

1. Nf3 g6 2. d4 Bg7 3. e4 d6 4. Be3 Nf6 5. Nc3 O-O 6. Bc4 Nbd7 7. Qd2 c5 8.
O-O-O cxd4 9. Bxd4 Nb6 10. Bb3 Bd7 11. Qg5 e5 12. Be3 Qc7 13. h4 h5 14. Qxg6
Nc4 15. Qg5 Nxe3 16. fxe3 Bg4 17. Nd5 Nxd5 18. Bxd5 Rfc8 19. Rd2 Kh7 20. Bxf7
Qxf7 21. Qxg4 Qxa2 22. Ng5+ Kg8 23. Qe6+ Qxe6 24. Nxe6 Bh6 25. Rh3 Rc4 26. Rg3+
Kf7 27. Ng5+ Ke7 28. Rf2 Rf8 29. Rxf8 Kxf8 30. Rf3+ Ke8 31. Nf7 Bf8 32. Ng5 Be7
33. Nf7 Rxe4 34. g3 Rg4 35. Nh6 Rg6 36. Nf5 Bf8 37. Kd2 Kd7 38. Kd3 d5 39. b3
e4+ 40. Ke2 exf3+ 41. Kxf3 Rg4 42. c3 Ke6 43. Nd4+ Ke5 44. Ne2 Bh6 45. Nd4 Re4
46. Nc2 Kf5 47. Nd4+ Ke5 48. Nc2 Bg7 49. Nd4 Bf6 50. b4 a6 51. Ne2 Kf5 52. Nf4
Bxc3 53. Nxd5 Bxb4 54. Nf4 Bd2 55. Nxh5 Rxe3+ 56. Kf2 b5 57. Nf4 b4 58. Nd5 b3
0-1

[Event "Bad Woerishofen op"]
[Site "?"]
[Date "2003.??.??"]
[Round "3"]
[White "Hanisch, Pavel"]
[Black "Ring, Gregor"]
[Result "0-1"]
[WhiteElo "2144"]
[BlackElo "1978"]
[Annotator "ChessOrg"]
[PlyCount "76"]

1. e4 d6 2. d4 Nf6 3. Nc3 g6 4. Nf3 Bg7 5. Bc4 O-O 6. h3 c6 7. Bb3 a5 8. Qe2 b5
9. e5 Ne8 10. a4 b4 11. Ne4 Nc7 12. Bg5 Qd7 13. O-O-O Nd5 14. Qd2 Na6 15. Bh6
Nac7 16. h4 Qg4 17. Ng3 Bxh6 18. Qxh6 Qf4+ 19. Qxf4 Nxf4 20. h5 d5 21. Rh2 Bg4
22. Rh4 Bxf3 23. gxf3 Nce6 24. hxg6 fxg6 25. c3 bxc3 26. bxc3 Ng5 27. Rg4 h6
28. Bc2 Kg7 29. Rg1 Nfh3 30. Rg2 Rxf3 31. Nh1 Raf8 32. R4g3 Nf4 33. Rxf3 Nxf3
34. Rg4 h5 35. Rg3 Ne2+ 36. Kd1 Nxg3 37. fxg3 Nxd4 38. Bd3 Nf3 0-1

[Event "Bad Woerishofen op"]
[Site "?"]
[Date "2003.??.??"]
[Round "4"]
[White "Kunin, Vitaly"]
[Black "Kengis, Edvins"]
[Result "1/2-1/2"]
[WhiteElo "2476"]
[BlackElo "2578"]
[Annotator "ChessOrg"]
[PlyCount "66"]

1. c4 b6 2. d4 Bb7 3. Nc3 e6 4. a3 f5 5. d5 Nf6 6. g3 b5 7. Nxb5 exd5 8. Bf4
Na6 9. Bg2 c6 10. Nd6+ Bxd6 11. Bxd6 dxc4 12. Qa4 Nd5 13. Nf3 Qf6 14. Be5 Qe7
15. Qxc4 Nc5 16. b4 Ne4 17. O-O O-O 18. Rab1 Kh8 19. Ba1 a5 20. bxa5 Ba6 21.
Qc2 Qxa3 22. Nh4 Ndc3 23. Rbe1 Qxa5 24. g4 Nxe2+ 25. Rxe2 Bxe2 26. Qxe2 Qd2 27.
Qxd2 Nxd2 28. Rd1 fxg4 29. Bc3 Nf3+ 30. Bxf3 gxf3 31. Rxd7 Rfd8 32. Re7 Rd1+
33. Be1 Rd3 1/2-1/2

[Event "Bad Woerishofen op"]
[Site "?"]
[Date "2003.??.??"]
[Round "4"]
[White "Donchenko, Anatoli"]
[Black "Rotstein, Arkadij"]
[Result "1/2-1/2"]
[WhiteElo "2463"]
[BlackElo "2544"]
[Annotator "ChessOrg"]
[PlyCount "106"]

1. Nf3 c5 2. c4 Nc6 3. d4 cxd4 4. Nxd4 Nf6 5. Nc3 e6 6. a3 Qb6 7. Ndb5 Ne5 8.
e3 Ng6 9. b4 d6 10. Bb2 Be7 11. c5 dxc5 12. bxc5 Qa5 13. Nd6+ Bxd6 14. Qxd6 Bd7
15. O-O-O Bc6 16. f3 Rd8 17. Qxd8+ Qxd8 18. Rxd8+ Kxd8 19. Nb5 a6 20. Nd4 Ba4
21. c6 Kc7 22. cxb7 Kxb7 23. Bd3 Ne5 24. Bc2 Rc8 25. Kb1 Bxc2+ 26. Nxc2 Nc4 27.
Bxf6 gxf6 28. Rd1 Kc6 29. Ka2 Kc5 30. Rd7 Ne5 31. Rd4 Rg8 32. Ne1 f5 33. Kb3
Nc6 34. Rh4 Rg7 35. Kc3 Kd5 36. Nd3 Kd6 37. g3 f6 38. Nb4 Nxb4 39. axb4 Rc7+
40. Kd3 e5 41. Rc4 Rb7 42. Kc3 Rb6 43. Rc5 Rb5 44. Rxb5 axb5 45. Kd3 Kd5 46.
e4+ fxe4+ 47. fxe4+ Ke6 48. Ke3 Kf7 49. Kf3 Kg7 50. Kg4 Kg6 51. h3 h6 52. Kf3
Kg5 53. Ke3 Kg6 1/2-1/2

[Event "Bad Woerishofen op"]
[Site "?"]
[Date "2003.??.??"]
[Round "4"]
[White "Kveinys, Aloyzas"]
[Black "Kritz, Leonid"]
[Result "1/2-1/2"]
[WhiteElo "2541"]
[BlackElo "2484"]
[Annotator "ChessOrg"]
[PlyCount "48"]

1. e4 e5 2. Nf3 Nc6 3. Bb5 Nf6 4. O-O Nxe4 5. d4 Nd6 6. Bxc6 dxc6 7. dxe5 Nf5
8. Qxd8+ Kxd8 9. Nc3 Ke8 10. h3 Be7 11. Bf4 Nh4 12. Nxh4 Bxh4 13. Ne4 Be7 14.
Rfe1 Be6 15. Rad1 Rd8 16. f3 Rxd1 17. Rxd1 Bf5 18. e6 Bxe6 19. Bxc7 f5 20. Nf2
Kf7 21. Nd3 Rc8 22. Ba5 Bf6 23. b3 Re8 24. Be1 Bc8 1/2-1/2

[Event "Bad Woerishofen op"]
[Site "?"]
[Date "2003.??.??"]
[Round "4"]
[White "Henrichs, Thomas"]
[Black "Miladinovic, Igor"]
[Result "0-1"]
[WhiteElo "2438"]
[BlackElo "2526"]
[Annotator "ChessOrg"]
[PlyCount "78"]

1. Nf3 d5 2. c4 d4 3. g3 g6 4. Bg2 Bg7 5. O-O e5 6. d3 Ne7 7. b4 c6 8. Nbd2 Na6
9. a3 O-O 10. Nb3 h6 11. Bb2 Bg4 12. Qc2 Qc7 13. Rfe1 Rad8 14. h3 Bxf3 15. Bxf3
Nf5 16. c5 Qb8 17. Be4 Nc7 18. Bxf5 gxf5 19. e3 dxe3 20. Rxe3 Nd5 21. Re2 f4
22. Rae1 Rfe8 23. Nd2 Re6 24. Nc4 fxg3 25. fxg3 e4 26. Nd6 Rdxd6 27. cxd6 Qxd6
28. Kh2 Rg6 29. Rg2 e3 30. Bxg7 Rxg7 31. Qc5 Qe5 32. Qc4 f5 33. Qh4 Kh7 34. Kh1
Qc3 35. g4 Nf4 36. Rgg1 Qxd3 37. g5 Qe4+ 38. Kh2 e2 39. gxh6 Rg2+ 0-1

[Event "Bad Woerishofen op"]
[Site "?"]
[Date "2003.??.??"]
[Round "4"]
[White "Levin, Felix"]
[Black "Prie, Eric"]
[Result "1/2-1/2"]
[WhiteElo "2523"]
[BlackElo "2446"]
[Annotator "ChessOrg"]
[PlyCount "25"]

1. d4 d5 2. c4 c6 3. Nf3 Nf6 4. Qb3 dxc4 5. Qxc4 Bf5 6. g3 Nbd7 7. Bg2 e6 8.
O-O Be7 9. Nc3 O-O 10. e3 b5 11. Qe2 b4 12. Nb1 Rc8 13. Rd1 1/2-1/2

[Event "Bad Woerishofen op"]
[Site "?"]
[Date "2003.??.??"]
[Round "4"]
[White "Pirrot, Dieter"]
[Black "Handke, Florian"]
[Result "1-0"]
[WhiteElo "2411"]
[BlackElo "2516"]
[Annotator "ChessOrg"]
[PlyCount "61"]

1. e4 c5 2. c3 d5 3. exd5 Qxd5 4. d4 Nf6 5. Nf3 Bg4 6. Be2 e6 7. h3 Bh5 8. Na3
Nc6 9. Be3 cxd4 10. Nb5 Rc8 11. Nbxd4 Bc5 12. Nxe6 Qxe6 13. Bxc5 Bxf3 14. gxf3
Ne5 15. Ba3 Nfd7 16. f4 Nc4 17. O-O Qg6+ 18. Kh2 Nxa3 19. bxa3 Rc7 20. Bg4 h5
21. Re1+ Kd8 22. Qe2 Qf6 23. Bf3 Qxf4+ 24. Kg2 Nf6 25. Rad1+ Kc8 26. Rd4 Qg5+
27. Kh1 Kb8 28. Rb1 Re8 29. Qd3 Rec8 30. Rdb4 Re8 31. Rxb7+ 1-0

[Event "Bad Woerishofen op"]
[Site "?"]
[Date "2003.??.??"]
[Round "4"]
[White "Heika, Martin"]
[Black "Gutman, Lev"]
[Result "1/2-1/2"]
[WhiteElo "2355"]
[BlackElo "2495"]
[Annotator "ChessOrg"]
[PlyCount "81"]

1. e4 c5 2. c3 Nf6 3. e5 Nd5 4. d4 cxd4 5. Nf3 Nc6 6. Bc4 Nb6 7. Bb3 g6 8. cxd4
Bg7 9. Nc3 O-O 10. O-O d6 11. exd6 Qxd6 12. Nb5 Qb8 13. d5 a6 14. dxc6 axb5 15.
Qe2 bxc6 16. Qxe7 Bg4 17. Qe4 Bxf3 18. Qxf3 c5 19. Bf4 Be5 20. Bh6 c4 21. Bxf8
cxb3 22. Bb4 bxa2 23. Qb3 Bxh2+ 24. Kh1 Be5 25. Bc3 Ra4 26. Bxe5 Qxe5 27. Kg1
Nc4 28. Rfe1 Qxb2 29. Qxb2 Nxb2 30. Re2 Rb4 31. Rxa2 Nc4 32. Ra7 Nd6 33. Rd2
Nf5 34. Rdd7 Nh6 35. f3 Rf4 36. Kf2 Rf6 37. Rdb7 Nf5 38. Rxb5 h5 39. Ra8+ Kg7
40. Rbb8 Rc6 41. Rc8 1/2-1/2

[Event "Bad Woerishofen op"]
[Site "?"]
[Date "2003.??.??"]
[Round "4"]
[White "Kuprejchik, Victor"]
[Black "Sprenger, Jan"]
[Result "1/2-1/2"]
[WhiteElo "2490"]
[BlackElo "2431"]
[Annotator "ChessOrg"]
[PlyCount "59"]

1. e4 c5 2. Ne2 Nc6 3. Nbc3 Nf6 4. d4 cxd4 5. Nxd4 e5 6. Ndb5 d6 7. Bg5 a6 8.
Na3 b5 9. Nd5 Be7 10. Bxf6 Bxf6 11. c3 O-O 12. Nc2 Rb8 13. Be2 Bg5 14. Qd3 a5
15. a3 Ne7 16. Nce3 Bxe3 17. Nxe3 Qb6 18. O-O Rd8 19. b4 Be6 20. bxa5 Qxa5 21.
Rfb1 d5 22. exd5 Nxd5 23. Rxb5 Qxc3 24. Rxb8 Rxb8 25. Qxc3 Nxc3 26. Bf1 Ra8 27.
Nd1 Na4 28. Bb5 Kf8 29. Kf1 Ra5 30. Bxa4 1/2-1/2

[Event "Bad Woerishofen op"]
[Site "?"]
[Date "2003.??.??"]
[Round "4"]
[White "Georgiev, Vladimir"]
[Black "Huhndorf, Arnold"]
[Result "1-0"]
[WhiteElo "2549"]
[BlackElo "2221"]
[Annotator "ChessOrg"]
[PlyCount "53"]

1. c4 Nf6 2. Nc3 g6 3. e4 d6 4. d4 Bg7 5. Bd3 O-O 6. Nge2 c5 7. d5 e6 8. O-O
exd5 9. cxd5 Ng4 10. Bc2 Na6 11. h3 Ne5 12. f4 Nc4 13. b3 Na5 14. Be3 Re8 15.
Qd2 Nb4 16. Rac1 Nxc2 17. Rxc2 f5 18. Ng3 fxe4 19. f5 Qh4 20. Nce2 Bd4 21. Bxd4
cxd4 22. Qxd4 b6 23. f6 Re5 24. Rc7 Bf5 25. f7+ Kf8 26. b4 Qd8 27. Rfc1 1-0

[Event "Bad Woerishofen op"]
[Site "?"]
[Date "2003.??.??"]
[Round "4"]
[White "Simonsen, Hans"]
[Black "Savchenko, Stanislav"]
[Result "0-1"]
[WhiteElo "2213"]
[BlackElo "2539"]
[Annotator "ChessOrg"]
[PlyCount "40"]

1. e4 c5 2. c3 g6 3. d4 cxd4 4. cxd4 d5 5. e5 Nc6 6. Nc3 Bg7 7. Be3 f6 8. f4
Nh6 9. Nf3 Bg4 10. h3 Nf5 11. hxg4 Nxe3 12. Qd3 Nxf1 13. Kxf1 O-O 14. e6 f5 15.
Ng5 Qd6 16. Ne2 Nxd4 17. Nxd4 Qxf4+ 18. Ndf3 fxg4 19. Nxh7 Rf5 20. Re1 gxf3 0-1

[Event "Bad Woerishofen op"]
[Site "?"]
[Date "2003.??.??"]
[Round "4"]
[White "Kohlweyer, Bernd"]
[Black "Dittmar, Peter"]
[Result "1/2-1/2"]
[WhiteElo "2454"]
[BlackElo "2320"]
[Annotator "ChessOrg"]
[PlyCount "61"]

1. c4 e6 2. g3 d5 3. Bg2 Nf6 4. Nf3 c5 5. cxd5 exd5 6. d4 Nc6 7. O-O Be7 8. Nc3
O-O 9. Bg5 Be6 10. dxc5 Bxc5 11. Rc1 Bb6 12. b3 Nb4 13. e3 h6 14. Bxf6 Qxf6 15.
a3 Rac8 16. Qd2 Nc6 17. Nxd5 Bxd5 18. Qxd5 Qb2 19. Ra1 Rfd8 20. Qb5 Na5 21. b4
Nb3 22. Rab1 Qxa3 23. Ne5 Nd2 24. Bd5 Rc7 25. Rbd1 Nxf1 26. Bxf7+ Rxf7 27.
Rxd8+ Bxd8 28. Qd5 Qc1 29. Qxf7+ Kh7 30. Qg6+ Kg8 31. Qe8+ 1/2-1/2

[Event "Bad Woerishofen op"]
[Site "?"]
[Date "2003.??.??"]
[Round "4"]
[White "Jaenig, Reinhard"]
[Black "Hermann, Manfred"]
[Result "0-1"]
[WhiteElo "2168"]
[BlackElo "2341"]
[Annotator "ChessOrg"]
[PlyCount "126"]

1. e4 e5 2. Nf3 Nc6 3. Bb5 f5 4. d4 fxe4 5. Bxc6 dxc6 6. Nxe5 Nf6 7. Bg5 Be7 8.
Nc3 O-O 9. O-O Bf5 10. Re1 c5 11. Bxf6 Bxf6 12. Nxe4 cxd4 13. Nxf6+ Rxf6 14.
Qe2 Qd5 15. Rad1 Qxa2 16. Rxd4 Qxb2 17. Red1 Qb6 18. g4 Be6 19. Kh1 Raf8 20. f3
Rf4 21. R4d2 Re8 22. Qe1 Qa5 23. Qe3 Rff8 24. Qd4 Qb6 25. Qc3 Re7 26. Rd8 Rfe8
27. f4 c6 28. Rxe8+ Rxe8 29. Qd4 Bd5+ 30. Kg1 Qxd4+ 31. Rxd4 b5 32. h4 a5 33.
Kf2 a4 34. c4 bxc4 35. Nxc4 Bxc4 36. Rxc4 Ra8 37. Rxc6 a3 38. Rc1 a2 39. Ra1
Ra3 40. h5 Kf7 41. Ke2 Ke6 42. Kd2 Rg3 43. Ke2 Kd5 44. Kf2 Ra3 45. h6 g6 46. f5
gxf5 47. gxf5 Ke5 48. Ke2 Kxf5 49. Kd1 Kg5 50. Kc2 Kxh6 51. Kb2 Ra5 52. Rh1+
Kg6 53. Ka1 h5 54. Rg1+ Kh6 55. Rg8 h4 56. Rg1 h3 57. Rh1 Ra3 58. Rh2 Kg5 59.
Rc2 Kg4 60. Rc8 h2 61. Rg8+ Kh3 62. Rh8+ Kg2 63. Rg8+ Rg3 0-1

[Event "Bad Woerishofen op"]
[Site "?"]
[Date "2003.??.??"]
[Round "4"]
[White "Klundt, Klaus"]
[Black "Babar, Michael"]
[Result "1-0"]
[WhiteElo "2381"]
[BlackElo "2187"]
[Annotator "ChessOrg"]
[PlyCount "137"]

1. e4 e5 2. Nf3 Nc6 3. Bb5 a6 4. Ba4 Nf6 5. O-O b5 6. Bb3 Bb7 7. Re1 Bc5 8. c3
d6 9. d4 Bb6 10. Be3 O-O 11. Nbd2 h6 12. h3 Re8 13. Qb1 Na5 14. Bc2 c5 15. d5
Bc8 16. b4 Nb7 17. a4 Bd7 18. axb5 axb5 19. Rxa8 Qxa8 20. c4 Qd8 21. cxb5 cxb4
22. Qxb4 Bxe3 23. Rxe3 Qb6 24. Rb3 Ra8 25. Rb1 Ra2 26. Nc4 Qc5 27. Qxc5 Nxc5
28. Bb3 Nxb3 29. Rxb3 Nxe4 30. b6 Bc8 31. b7 Bxb7 32. Rxb7 Ra1+ 33. Kh2 Nxf2
34. Nxd6 e4 35. Nxf7 exf3 36. gxf3 Nd3 37. d6 Nc5 38. Rc7 Ne6 39. Re7 Rd1 40.
Nxh6+ gxh6 41. Rxe6 h5 42. Kg3 Kf7 43. Re7+ Kf6 44. Rh7 Kg6 45. Rd7 Kg5 46. h4+
Kf6 47. Rd8 Rg1+ 48. Kf4 Rh1 49. Re8 Rd1 50. Rf8+ Kg7 51. Rd8 Kf6 52. Ke4 Ke6
53. Rh8 Re1+ 54. Kf4 Kxd6 55. Kf5 Ke7 56. Rxh5 Rf1 57. f4 Kf7 58. Rh7+ Kg8 59.
Ra7 Rh1 60. h5 Rb1 61. Kg6 Rb6+ 62. Kg5 Rb5+ 63. f5 Rb6 64. Re7 Ra6 65. h6 Rb6
66. f6 Rb1 67. h7+ Kh8 68. Re8+ Kxh7 69. f7 1-0

[Event "Bad Woerishofen op"]
[Site "?"]
[Date "2003.??.??"]
[Round "4"]
[White "Jenni, Florian"]
[Black "Moehring, Norbert"]
[Result "1-0"]
[WhiteElo "2516"]
[BlackElo "2166"]
[Annotator "ChessOrg"]
[PlyCount "43"]

1. e4 e5 2. Nf3 Nf6 3. Nc3 Bb4 4. Nxe5 O-O 5. Be2 Bxc3 6. dxc3 Nxe4 7. O-O Re8
8. Qd5 Qf6 9. Qxe4 Rxe5 10. Qc4 Nc6 11. Bf4 Re8 12. Bg3 d5 13. Qd3 Bf5 14. Qd2
Ne5 15. Qxd5 c6 16. Qb3 b6 17. Rae1 c5 18. Bb5 Nc6 19. Qd5 Rec8 20. Bh4 Qg6 21.
Ba6 Re8 22. Bb7 1-0

[Event "Bad Woerishofen op"]
[Site "?"]
[Date "2003.??.??"]
[Round "4"]
[White "Lieb, Harald"]
[Black "Kugelmann, Werner"]
[Result "1-0"]
[WhiteElo "2336"]
[BlackElo "2165"]
[Annotator "ChessOrg"]
[PlyCount "163"]

1. d4 Nf6 2. c4 g6 3. Nc3 Bg7 4. e4 d6 5. Be2 O-O 6. Bg5 h6 7. Bf4 Nc6 8. Nf3
Bg4 9. d5 e5 10. dxe6 Bxe6 11. h3 Re8 12. O-O Nd7 13. Re1 Nde5 14. Nxe5 dxe5
15. Be3 Nd4 16. Rc1 c6 17. b3 Qh4 18. Bd3 Rad8 19. Ne2 f5 20. Bxd4 exd4 21. g3
Qf6 22. Nf4 fxe4 23. Rxe4 Bf5 24. Re2 Qf7 25. Qc2 Rxe2 26. Nxe2 Bxd3 27. Qxd3
Rf8 28. Rf1 Qf3 29. Qxf3 Rxf3 30. Rd1 c5 31. Kg2 Rf8 32. Nf4 Kf7 33. Re1 g5 34.
Nd3 b6 35. Kf3 Kg6+ 36. Ke4 Rd8 37. f4 Bf6 38. f5+ Kf7 39. Kf3 h5 40. Re6 Rg8
41. Nf2 d3 42. Nxd3 Rd8 43. Nf2 Rd4 44. Ne4 Be7 45. Re5 Rd1 46. Rd5 Rf1+ 47.
Ke2 Ra1 48. Rd2 Rh1 49. Nf2 Rg1 50. Kf3 h4 51. gxh4 gxh4 52. Ne4 Rh1 53. Kg4
Rg1+ 54. Kf4 Rh1 55. Rd3 a5 56. Ke5 Re1 57. Rd7 Ke8 58. Rb7 Re3 59. Rxb6 Rxh3
60. f6 Bd8 61. Re6+ Kf8 62. Kf5 Rh1 63. Nd6 Rf1+ 64. Kg6 Rg1+ 65. Kh7 Bxf6 66.
Rxf6+ Ke7 67. Rh6 Rg2 68. Ne4 Rg4 69. Nxc5 Kf7 70. Ne6 h3 71. Nd8+ Ke8 72. Nc6
a4 73. Ne5 Rg3 74. bxa4 Ra3 75. Kg6 Rxa4 76. Rxh3 Rxa2 77. Rh7 Ra6+ 78. Kf5 Ra1
79. c5 Kd8 80. Ke6 Kc8 81. Kd6 Ra6+ 82. Nc6 1-0

[Event "Bad Woerishofen op"]
[Site "?"]
[Date "2003.??.??"]
[Round "4"]
[White "Hillenbrand, Alexander"]
[Black "Seifert, Volker"]
[Result "0-1"]
[WhiteElo "2155"]
[BlackElo "2310"]
[Annotator "ChessOrg"]
[PlyCount "54"]

1. e4 e6 2. d4 d5 3. Nc3 Bb4 4. e5 Ne7 5. a3 Bxc3+ 6. bxc3 c5 7. Qg4 O-O 8. Bd3
Nbc6 9. Nf3 f5 10. exf6 Rxf6 11. Bg5 e5 12. Qg3 Rxf3 13. gxf3 c4 14. Bf1 exd4
15. cxd4 Qb6 16. Bxe7 Nxe7 17. Qe5 Be6 18. Bg2 Ng6 19. Qg5 Rf8 20. O-O Nf4 21.
Qe5 Qd8 22. Kh1 Rf5 23. Qe3 Qh4 24. Rae1 Rh5 25. h3 h6 26. Kh2 Bxh3 27. Qe8+
Kh7 0-1

[Event "Bad Woerishofen op"]
[Site "?"]
[Date "2003.??.??"]
[Round "4"]
[White "Vossenkuhl, Joachim"]
[Black "Neumann, Peter"]
[Result "1-0"]
[WhiteElo "2166"]
[BlackElo "2026"]
[Annotator "ChessOrg"]
[PlyCount "49"]

1. Nf3 b6 2. g3 Bb7 3. Bg2 Nf6 4. O-O c5 5. c4 e6 6. Nc3 Be7 7. Re1 Qc7 8. e4
h5 9. d4 cxd4 10. Nxd4 Qxc4 11. Bf4 Nc6 12. Ndb5 e5 13. Bf1 Qb4 14. a3 Qa5 15.
b4 Nxb4 16. axb4 Qxb4 17. Ra4 exf4 18. Rxb4 Bxb4 19. Qb3 Bc5 20. Nc7+ Kd8 21.
Nxa8 fxg3 22. hxg3 h4 23. Na4 Bxf2+ 24. Kxf2 hxg3+ 25. Qxg3 1-0

[Event "Bad Woerishofen op"]
[Site "?"]
[Date "2003.??.??"]
[Round "4"]
[White "Einwiller, Dieter"]
[Black "Fischer, Johann"]
[Result "1-0"]
[WhiteElo "2153"]
[BlackElo "2306"]
[Annotator "ChessOrg"]
[PlyCount "36"]

1. d4 Nf6 2. Nf3 e6 3. Bf4 b6 4. e3 Bb7 5. Bd3 Be7 6. Nbd2 Nh5 7. Bg3 Nxg3 8.
hxg3 d6 9. Qe2 h6 10. O-O-O Nd7 11. g4 c5 12. c3 Rc8 13. Kb1 Ra8 14. Ne1 a6 15.
f4 b5 16. g5 Qa5 17. e4 c4 18. Bc2 e5 1-0

[Event "Bad Woerishofen op"]
[Site "?"]
[Date "2003.??.??"]
[Round "4"]
[White "Galje, Hans"]
[Black "Buchner, Rudolf"]
[Result "1/2-1/2"]
[WhiteElo "2148"]
[BlackElo "2301"]
[Annotator "ChessOrg"]
[PlyCount "116"]

1. d4 Nf6 2. c4 g6 3. f3 c5 4. d5 Bg7 5. e4 d6 6. Nc3 O-O 7. Bg5 e5 8. Qd2 a6
9. a4 Nbd7 10. Nh3 Qa5 11. Nf2 Re8 12. Be2 Nh5 13. g3 Qc7 14. O-O f6 15. Be3 f5
16. f4 exf4 17. gxf4 Ndf6 18. e5 dxe5 19. d6 Qf7 20. fxe5 Rxe5 21. Nd3 Re8 22.
Nxc5 b6 23. Nb3 Bb7 24. Bxb6 Qd7 25. Na5 Ne4 26. Nxe4 Bxe4 27. Bf3 Nf6 28. c5
Rac8 29. Rac1 Re6 30. Be2 Bd5 31. Bxa6 Qxa4 32. b4 Re4 33. Rf4 Rce8 34. Bd3
Rxf4 35. Qxf4 Qa2 36. Qf2 Qa3 37. Rd1 Qxb4 38. h3 Nd7 39. Bb1 Kh8 40. Rxd5
Qxb1+ 41. Kh2 Qb5 42. Rd2 Nxb6 43. cxb6 Be5+ 44. Kg2 Qxa5 45. d7 Qa8+ 46. Qf3
Qxf3+ 47. Kxf3 Rd8 48. Re2 Rxd7 49. Rxe5 Rd3+ 50. Re3 Rd7 51. Rb3 Rb7 52. Kf4
Kg7 53. Ke5 h6 54. h4 f4 55. Kxf4 Kf6 56. Ke4 Ke6 57. Rg3 Kf6 58. Rb3 Ke6
1/2-1/2

[Event "Bad Woerishofen op"]
[Site "?"]
[Date "2003.??.??"]
[Round "4"]
[White "Walton, Alan"]
[Black "Meier, Volker"]
[Result "1/2-1/2"]
[WhiteElo "2144"]
[BlackElo "2294"]
[Annotator "ChessOrg"]
[PlyCount "58"]

1. d4 Nf6 2. Bg5 e6 3. e4 h6 4. Bxf6 Qxf6 5. Nc3 d6 6. Bc4 a6 7. a4 c6 8. Nge2
Nd7 9. O-O g6 10. f4 d5 11. Bd3 dxe4 12. Nxe4 Qe7 13. c4 Bg7 14. Qb3 O-O 15.
Rad1 Rb8 16. Kh1 Rd8 17. Bb1 b5 18. c5 Nf6 19. Nxf6+ Qxf6 20. Be4 Bd7 21. a5
Re8 22. Qf3 Rbc8 23. g4 Kh8 24. Qh3 Qe7 25. Bg2 Rc7 26. Rd3 Kh7 27. Rfd1 Qf8
28. Qg3 Qh8 29. Qe3 Qf8 1/2-1/2

[Event "Bad Woerishofen op"]
[Site "?"]
[Date "2003.??.??"]
[Round "4"]
[White "Pfrommer, Christoph"]
[Black "Gerhards, Walter"]
[Result "1-0"]
[WhiteElo "2290"]
[BlackElo "2140"]
[Annotator "ChessOrg"]
[PlyCount "79"]

1. e4 e6 2. d4 d5 3. Nc3 Bb4 4. e5 Ne7 5. a3 Bxc3+ 6. bxc3 c5 7. Qg4 Qc7 8.
Qxg7 Rg8 9. Qxh7 cxd4 10. Ne2 Nbc6 11. f4 Bd7 12. Qd3 dxc3 13. Nxc3 O-O-O 14.
Nb5 Nxe5 15. Nxc7 Nxd3+ 16. Bxd3 Kxc7 17. Bb2 Rxg2 18. h4 Bc6 19. Bd4 Nf5 20.
Bxf5 exf5 21. h5 Re8+ 22. Be5+ Kd7 23. O-O-O Ke6 24. Rdg1 Rg4 25. Rxg4 fxg4 26.
Bg7 f5 27. h6 Kf7 28. Bd4 a5 29. h7 a4 30. h8=Q Rxh8 31. Rxh8 Kg6 32. Kb2 Kf7
33. Kc3 Kg6 34. Kb4 Bd7 35. c3 Kf7 36. Kc5 Bc6 37. Kb6 Kg6 38. Kc5 Kf7 39. Kd6
Kg6 40. Ke6 1-0

[Event "Bad Woerishofen op"]
[Site "?"]
[Date "2003.??.??"]
[Round "4"]
[White "von Saldern, Ruediger"]
[Black "Pitl, Gregory"]
[Result "0-1"]
[WhiteElo "2143"]
[BlackElo "2280"]
[Annotator "ChessOrg"]
[PlyCount "50"]

1. d4 f5 2. g3 Nf6 3. Bg2 g6 4. Bg5 Bg7 5. Bxf6 Bxf6 6. c3 e6 7. Nf3 O-O 8. O-O
d5 9. Nbd2 Nd7 10. Nb3 a5 11. Nc1 b6 12. Nd3 c5 13. e3 Ba6 14. Re1 Qc7 15. Qd2
Rfe8 16. Red1 Qd6 17. Rac1 Rec8 18. h4 Ra7 19. a3 Bc4 20. Qc2 a4 21. Nd2 Bb5
22. f4 cxd4 23. exd4 Bxd4+ 24. Kh2 Nf6 25. Re1 Ng4+ 0-1

[Event "Bad Woerishofen op"]
[Site "?"]
[Date "2003.??.??"]
[Round "4"]
[White "Schuette, Manfred"]
[Black "Oud, Niek"]
[Result "1-0"]
[WhiteElo "2280"]
[BlackElo "2123"]
[Annotator "ChessOrg"]
[PlyCount "79"]

1. c4 Nf6 2. Nc3 e6 3. e4 c5 4. d3 Nc6 5. f4 d6 6. Nf3 Qc7 7. g3 Be7 8. Bg2 O-O
9. O-O a6 10. h3 Rb8 11. g4 b5 12. b3 Rd8 13. Bd2 Nb4 14. Be1 bxc4 15. bxc4 d5
16. cxd5 exd5 17. e5 Ne4 18. Ne2 Qa7 19. Kh2 a5 20. a3 Nc6 21. Qc2 Ba6 22. dxe4
dxe4 23. Qxe4 Nd4 24. Nexd4 cxd4 25. Rf2 d3 26. Rd2 Bc5 27. Kg3 Be3 28. Bf2
Bxf2+ 29. Rxf2 Bb7 30. Qf5 Bxf3 31. Bxf3 d2 32. Rd1 g6 33. Qf6 Qe3 34. Re2 Qc3
35. Qc6 Qb2 36. e6 fxe6 37. Qxe6+ Kh8 38. Re5 Qd4 39. Qf6+ Kg8 40. Re8+ 1-0

[Event "Bad Woerishofen op"]
[Site "?"]
[Date "2003.??.??"]
[Round "4"]
[White "Medancic, Rikard"]
[Black "Schenk, Uwe"]
[Result "1-0"]
[WhiteElo "2268"]
[BlackElo "2116"]
[Annotator "ChessOrg"]
[PlyCount "79"]

1. d4 Nf6 2. Nf3 g6 3. Bg5 Bg7 4. Nbd2 O-O 5. c3 d6 6. e4 c5 7. dxc5 dxc5 8.
Bc4 Nc6 9. a4 Qc7 10. O-O h6 11. Bh4 Nh5 12. Qe2 b6 13. Rfe1 Bb7 14. Rad1 Rad8
15. Nf1 Na5 16. Ba2 Bc6 17. Qc2 Rxd1 18. Rxd1 Rd8 19. Rxd8+ Qxd8 20. b4 Nb7 21.
b5 Be8 22. e5 Kh8 23. Qe4 Qd7 24. g4 f5 25. Qc4 e6 26. gxh5 g5 27. Qxe6 Qxe6
28. Bxe6 f4 29. Nxg5 hxg5 30. Bxg5 Bxe5 31. Nd2 Nd6 32. Nf3 Bxc3 33. Bxf4 Ne4
34. Bb8 Bxh5 35. Ne5 Kg7 36. Nc6 Kf6 37. Bd5 Ng5 38. Bxa7 Bd1 39. Bxb6 Nh3+ 40.
Kf1 {....} 1-0

[Event "Bad Woerishofen op"]
[Site "?"]
[Date "2003.??.??"]
[Round "4"]
[White "Koenig, Christian"]
[Black "Kauch, Markus"]
[Result "1/2-1/2"]
[WhiteElo "2139"]
[BlackElo "2263"]
[Annotator "ChessOrg"]
[PlyCount "36"]

1. d4 f5 2. c4 Nf6 3. Nc3 d6 4. f3 g6 5. e4 fxe4 6. fxe4 Bg7 7. Nf3 O-O 8. Be2
c5 9. d5 Nbd7 10. O-O Ng4 11. h3 Nge5 12. Ng5 Nf6 13. Bf4 h6 14. Bxe5 dxe5 15.
Ne6 Bxe6 16. dxe6 Qd4+ 17. Kh2 Rad8 18. Qc2 Qd6 1/2-1/2